A létigés mondatok Juhász Gyula lírájában
Elmentve itt :
| Szerző: | |
|---|---|
| További közreműködők: | |
| Dokumentumtípus: | Szakdolgozat |
| Megjelent: |
1969
|
| Tárgyszavak: | |
| Online Access: | http://diploma.bibl.u-szeged.hu/91668 |
| LEADER | 00588nta a2200169 i 4500 | ||
|---|---|---|---|
| 001 | dipl91668 | ||
| 005 | 20200706073459.0 | ||
| 008 | 200701s1969 hu om 0|| zxx d | ||
| 040 | |a SZTE Diploma Repozitórium |b hun | ||
| 041 | |a zxx | ||
| 100 | 1 | |a Szigeti Rózsa | |
| 245 | 1 | 2 | |a A létigés mondatok Juhász Gyula lírájában |h [elektronikus dokumentum] / |c Rózsa Szigeti |
| 260 | |c 1969 | ||
| 650 | 4 | |a Bölcsészettudományok | |
| 650 | 4 | |a Languages and Literature | |
| 700 | 1 | |a Benkő László |e ths | |
| 856 | 4 | 0 | |u http://diploma.bibl.u-szeged.hu/id/eprint/91668/1/1969_szigeti_rozsa.pdf |z Dokumentum-elérés |